
Library Catalogue

| 000 -LEADER | |
|---|---|
| fixed length control field | 01646nam a2200145Ia 4500 |
| 005 - DATE AND TIME OF LATEST TRANSACTION | |
| control field | 20260209120132.0 |
| 008 - FIXED-LENGTH DATA ELEMENTS--GENERAL INFORMATION | |
| fixed length control field | 260209s9999||||xx |||||||||||||| ||und|| |
| 100 ## - MAIN ENTRY--PERSONAL NAME | |
| Personal name | Manoranjan |
| 245 #0 - TITLE STATEMENT | |
| Title | Free trade agreements and access to medicines : need for regulation |
| 260 ## - PUBLICATION, DISTRIBUTION, ETC. | |
| Place of publication, distribution, etc. | BangaloreBangalore |
| Name of publisher, distributor, etc. | NLSIU |
| Date of publication, distribution, etc. | 2013 |
| 300 ## - PHYSICAL DESCRIPTION | |
| Extent | 76 p. ; 25 cm. |
| 505 ## - FORMATTED CONTENTS NOTE | |
| Formatted contents note | CONTENTS CERTIFICATE ; DECLARATION ; ACKNOWLEDGEMENT ; LIST OF ABBREVIATIONS ; ABSTRACT ; AIMS AND OBJECTIVES ; STATEMENT OF PROBLEM ; RESEARCH QUESTIONS; HYPOTHESIS ; RESEARCH METHODOLOGY ; CHAPTERISATION ; I. INTRODUCTION ; RIGHT TO HEALTH ; THE NORTH SOUTH DIVIDE ; IMPACTS OF PATENTS ON ACCESS TO MEDICINES ; II. JOURNEY FROM TRIPS TO DOHA; FEATURES OF TRIPS AGREEMENT ; THE CALL OF RESISTANCE ; DOHA DECLARATION AND WTO DECISIONS ; III. GENERAL NATURE OF THE INTELLECTUAL PROPERTY CHAPTERS OF THE FREE TRADE AGREEMENTS ; A) DATA EXCLUSIVITY PROVISIONS UNDER FTAs ; B) PATENT TERM EXTENSIONS UNDER FT As ; c) PATENT LINKAGE ; D) PATENTABILITY OF 'NEW USE; E) TRIPS PLUS BORDER MEASURES ; IV. IMPACTS OF THE IP CHAPTERS OF FTA'S ON PUBLIC HEALTH: ACTUAL AND POTENTIAL; DATA EXCLUSIVITY CLAUSE ; PATENT TERM EXTENSION CLAUSES ; PATENT LINKAGE ; PATENTABILITY OF NEW USE ; TRIPS PLUS BORDER MEASURES ; V. FTAS' KNITTING A WEB OF HIGHER INTELLECTUAL PROPERTY STANDARDS GLOBALLY? ; VI. FENCING THE TRIPS PLUS ; VII. CONCLUSION ; ANNEX I ; ANNEX II ; REFERENCES ; STATUTES & CONVENTIONS ; BILATERAL AGREEMENTS ; CASES ; BOOKS ; ARTICLES & REPORTS ; |
| 700 ## - ADDED ENTRY--PERSONAL NAME | |
| Personal name | Prof. (Dr.) T Ramakrishna - GuideProf. (Dr.) T Ramakrishna - Guide |
| 856 ## - ELECTRONIC LOCATION AND ACCESS | |
| Uniform Resource Identifier | <a href="https://dans.nls.ac.in/handle/123456789/1864">https://dans.nls.ac.in/handle/123456789/1864</a> |
| Withdrawn status | Lost status | Damaged status | Not for loan | Home library | Current library | Date acquired | Total Checkouts | Barcode | Date last seen | Price effective from | Koha item type |
|---|---|---|---|---|---|---|---|---|---|---|---|
| . | . | 09.02.2026 | LLM442 | 09.02.2026 | 09.02.2026 | Dissertation |